| 000 | 00551nam a2200181Ia 4500 | ||
|---|---|---|---|
| 003 | GCL | ||
| 008 | 140319s9999 xx 000 0 eng d | ||
| 040 |
_aGCL / _cGCL |
||
| 082 | 0 | 4 |
_a759105 _bW T |
| 100 | 1 | _aWEOD,JAMES N. | |
| 245 | 1 | 0 |
_aTREASURES OF 19 TH AND 20 TH CENTURY PAINTING THE ART IAATITUTE OF CHIC AGO / _cWEOD,JAMES N. |
| 260 |
_a[S.N] : _bABBEVILLE PRESS PUBLISHERS ، _c1993 |
||
| 300 | _a335P | ||
| 650 | 0 | 4 | _aPAINTING EUROPEAN CATALAGS |
| 650 | 0 | 4 | _aPAINTING - 19TH CENTURY |
| 650 | 0 | 4 | _aPAINTING - 20TH CENTURY |
| 942 |
_2ddc _cBK |
||
| 999 |
_c12346 _d12346 |
||